000 01440cam a2200169 4500500
005 20260412000109.0
041 _afre
042 _adc
100 1 0 _aDrouin, Évelyne
_eauthor
700 1 0 _aHamadache, Chrystelle
_eauthor
245 0 0 _aHistorias de aquí y de allá en la acogida con libros para niños y padres de la asociación Le Baobab
260 _c2020.
500 _a73
520 _aEn un barrio multicultural, la asociación Le Baobab ofrece un espacio de acogida con libros para niños y padres. Las familias descubren allí, libremente, el placer de los libros y los cuentos, en un ambiente lúdico y amistoso. A través de varias viñetas clínicas, las autoras muestran cómo las rimas infantiles y las historias tienden puentes entre las lenguas y promueven el encuentro cultural en lugar de la exclusión. Libres de mandatos, los padres pueden hacerse preguntas sobre la transmisión de su lengua y apoyarse mutuamente. En esta inmersión social y lingüística, se encuentran las historias individuales y colectivas. Haciéndose eco de las historias de los personajes encontrados en los libros, las historias del exilio toman forma, las filiaciones se inscriben y, compartiendo lecturas bilingües, se crean nuevas historias.
786 0 _nEnfances & Psy | 86 | 2 | 2020-09-24 | p. 125-135 | 1286-5559
856 4 1 _uhttps://shs.cairn.info/revista-enfances-et-psy-2020-2-page-125?lang=es&redirect-ssocas=7080
999 _c2209159
_d2209159